00625nam a2200181 a 450000100100000000500170001000800410002704000250006808200150009310000330010824000410014124500480018226000310023030000290026150000520029050000500034253400510039200002143720200930011328.0100907s1955 sp r 000 | spa d aDO-SdBNPbspacBNPHU axxxbF773m1 aFourastié, Jeand1907-1990 0aMachinisme et bien-êtrelespañol10aMaquinismo y bienestar /cJean Fourastié. aBarcelona :bArgos,c1955. a362 p., :bil. ;c18 cm. aIncluye notas y referencias al pie de páginas aIncluye bibliografía e índice de materias aTítulo original :tMachinisme et bien-être